How I Met Your Mother Characters - Statistics

General Stats
  • This quiz has been taken 282 times
  • The average score is 9 of 12
Answer Stats
Hint Answer % Correct
Canadian popstar Robin
99%
Kindergarten teacher and artist Lily
95%
Inspires to be an environmental laywer Marshall
92%
Trying to find his soul mate Ted
92%
Doctor; dates main character Stella
84%
Waitress Wendy
84%
Bartender Carl
82%
Gay stepbrother James
79%
Therapist who dates former popstar Kevin
75%
Lawyer buddy Brad
51%
Loves suits Barbey
13%
"No one asked you ________!" Petrice
7%
No matching quizzes found
Score Distribution
Percent of People with Each Score
Percentile by Number Answered
Your Score History
You have not taken this quiz